[Event "European Blitz Championship 2021"]
[Site "Katowice"]
[Date "2021.12.17"]
[Round "11.28"]
[White "Liskiewicz, Jakub"]
[Black "Batashevs, Arsens"]
[Result "0-1"]
[WhiteElo "1351"]
[BlackElo "2091"]
[Annotator "NA"]
[PlyCount "47"]
[EventDate "2021.12.17"]
[EventType "swiss"]
[EventCountry "POL"]
[SourceTitle "playchess.com"]
[Source "ChessBase"]
[SourceQuality "1"]

1. d4 g6 2. c4 Bg7 3. Nc3 c5 4. d5 Bxc3+ 5. bxc3 f5 6. Bf4 Qa5 7. Qc2 d6 8. e3
Nf6 9. Be2 Nbd7 10. h4 Nb6 11. h5 Rg8 12. hxg6 hxg6 13. Nf3 Bd7 14. Ng5 O-O-O
15. Rb1 Ba4 16. Qb2 Qa6 17. Ne6 Rd7 18. Rh6 Nxc4 19. Qc1 Nxd5 20. Kf1 Bb5 21.
Kg1 Ndb6 22. Qf1 Qa5 23. Rh7 a6 24. Rf7 0-1

[Event "European Blitz Championship 2021"]
[Site "Katowice"]
[Date "2021.12.17"]
[Round "11.29"]
[White "Szczurek, Krzysztof"]
[Black "Rog, Bartlomiej"]
[Result "1-0"]
[WhiteElo "2088"]
[BlackElo "1719"]
[Annotator "NA"]
[PlyCount "39"]
[EventDate "2021.12.17"]
[EventType "swiss"]
[EventCountry "POL"]
[SourceTitle "playchess.com"]
[Source "ChessBase"]
[SourceQuality "1"]

1. e4 b6 2. d4 Bb7 3. Nc3 e6 4. Nf3 Bb4 5. Bd3 Nf6 6. Qe2 d5 7. e5 Ne4 8. Bd2
Nxd2 9. Qxd2 c5 10. a3 cxd4 11. Nxd4 Bc5 12. Nce2 Qc7 13. Qg5 Kf8 14. O-O Nc6
15. Nf3 a5 16. c3 Ba6 17. Bxa6 Rxa6 18. Ned4 h6 19. Qf4 Ra8 20. Nxe6+ 1-0

[Event "European Blitz Championship 2021"]
[Site "Katowice"]
[Date "2021.12.17"]
[Round "11.29"]
[White "Malek, Jan"]
[Black "Brzezinski, Mateusz"]
[Result "1-0"]
[WhiteElo "1838"]
[BlackElo "2201"]
[Annotator "NA"]
[PlyCount "117"]
[EventDate "2021.12.17"]
[EventType "swiss"]
[EventCountry "POL"]
[SourceTitle "playchess.com"]
[Source "ChessBase"]
[SourceQuality "1"]

1. e4 c6 2. d4 d5 3. Nc3 dxe4 4. Nxe4 Nf6 5. Nxf6+ gxf6 6. g3 Qd5 7. Nf3 Bf5 8.
Bg2 Qe4+ 9. Be3 Qxc2 10. O-O Qxd1 11. Rfxd1 Be4 12. Rac1 Nd7 13. Rc3 e6 14. Bf4
h5 15. Bf1 Nb6 16. Re3 Bd5 17. b3 O-O-O 18. Nh4 Be7 19. Be2 Nd7 20. Nf5 Bf8 21.
Nd6+ Bxd6 22. Bxd6 h4 23. g4 Rdg8 24. h3 f5 25. f4 fxg4 26. hxg4 Nf6 27. g5 Ne4
28. Be5 f6 29. Rxe4 Bxe4 30. Bxf6 Rh7 31. Bg4 Bf5 32. Bxf5 exf5 33. Re1 Rf7 34.
Kh2 Rg6 35. Kh3 Rfxf6 36. gxf6 Rxf6 37. Kxh4 Rd6 38. Kg5 Rd5 39. Re5 Rxd4 40.
Kxf5 Kd7 41. Re2 Rd5+ 42. Kf6 a5 43. f5 a4 44. bxa4 Rd4 45. a5 Ra4 46. Re7+ Kd6
47. Rxb7 Rxa5 48. Rb2 Ra3 49. Rd2+ Kc7 50. Kf7 Rf3 51. f6 c5 52. Ke7 Re3+ 53.
Kf8 c4 54. f7 c3 55. Rg2 Rd3 56. Kg8 Rd2 57. Rg3 c2 58. Rc3+ Kd7 59. f8=Q 1-0

[Event "European Blitz Championship 2021"]
[Site "Katowice"]
[Date "2021.12.17"]
[Round "11.30"]
[White "Motylev, Alexander"]
[Black "Warchol, Kamil"]
[Result "0-1"]
[WhiteElo "2633"]
[BlackElo "1706"]
[Annotator "ChessBase"]
[PlyCount "128"]
[EventDate "2021.12.17"]
[EventType "swiss"]
[EventCountry "POL"]
[SourceTitle "playchess.com"]
[Source "ChessBase"]
[SourceQuality "1"]

1. Nf3 d5 2. g3 Nf6 3. Bg2 c6 4. O-O Bf5 5. c4 h6 6. Qb3 Qb6 7. d3 dxc4 8. Qxc4
Nbd7 9. e4 Bh7 10. Nc3 e6 11. Re1 Be7 12. d4 O-O 13. Bf4 Rac8 14. Rad1 Rfd8 15.
Qe2 Bf8 16. a3 a5 17. h3 Qa7 18. g4 b5 19. e5 Nd5 20. Nxd5 cxd5 21. Qxb5 Rc2
22. Rd2 Rb8 23. Qa4 Rcxb2 24. Rxb2 Rxb2 25. Rc1 Nb6 26. Qe8 Nc4 27. g5 Qe7 28.
Qa8 h5 29. a4 Qb7 30. Qe8 Qe7 31. Qc8 Rb7 32. Nh4 Rc7 33. Qa8 Nb6 34. Rxc7 Nxa8
35. Rxe7 Bxe7 36. Bf1 Nb6 37. Bb5 Bc2 38. Bd2 Bxa4 39. Bxa4 Nxa4 40. Bxa5 Bxg5
41. Nf3 Be7 42. Kf1 Nb2 43. Nd2 Nd3 44. Nf3 h4 45. Bd2 Kh7 46. Ke2 Nb2 47. Ng1
Kg6 48. Kf3 Nc4 49. Bc3 Kh5 50. Ne2 g5 51. Be1 Ba3 52. Bc3 Bb2 53. Bb4 Kg6 54.
Be7 Ba3 55. Bd8 Nd2+ 56. Ke3 Ne4 57. Kf3 Bb4 58. Kg2 Be1 59. f3 Ng3 60. Nxg3
Bxg3 61. Bb6 Kf5 62. Bc5 Kf4 63. Be7 Ke3 64. Bc5 Kd3 0-1

[Event "European Blitz Championship 2021"]
[Site "Katowice"]
[Date "2021.12.17"]
[Round "11.30"]
[White "Golubovskis, Maksims"]
[Black "Krawczyk, Flawian"]
[Result "1-0"]
[WhiteElo "2088"]
[BlackElo "2154"]
[Annotator "NA"]
[PlyCount "101"]
[EventDate "2021.12.17"]
[EventType "swiss"]
[EventCountry "POL"]
[SourceTitle "playchess.com"]
[Source "ChessBase"]
[SourceQuality "1"]

1. Nf3 Nf6 2. c4 g6 3. g3 Bg7 4. Bg2 O-O 5. O-O d6 6. Nc3 e5 7. d4 Nbd7 8. Qc2
Re8 9. Rd1 c6 10. dxe5 dxe5 11. b3 Qc7 12. Ba3 Bf8 13. Bb2 Nc5 14. b4 Bf5 15.
Qc1 Nce4 16. Nh4 Nxc3 17. Bxc3 Be6 18. Qg5 Nd7 19. c5 Be7 20. Qh6 Bf8 21. Qe3
b6 22. cxb6 Qxb6 23. Qd2 Rad8 24. Qb2 f6 25. Rac1 c5 26. b5 c4 27. a4 a6 28.
Bc6 axb5 29. axb5 Bc5 30. e3 Re7 31. Ra1 Bg4 32. Ba5 Qb8 33. Bxd8 Qxd8 34. Ra8
Qxa8 35. Bxa8 Bxd1 36. Bd5+ Kg7 37. Bxc4 Nb6 38. Be2 Ba4 39. Qc3 Rc7 40. Qd2
Rd7 41. Qc3 Rc7 42. Qb2 Rd7 43. Nf3 Rc7 44. Nxe5 Re7 45. Nc6 Re4 46. Qd2 Kh6
47. Bf3 Rc4 48. e4+ g5 49. Qd8 Rc1+ 50. Kg2 Rc2 51. Qxf6# 1-0

[Event "European Blitz Championship 2021"]
[Site "Katowice"]
[Date "2021.12.17"]
[Round "12"]
[White "Kovalenko, Igor"]
[Black "Kowalski, Igor"]
[Result "0-1"]
[WhiteElo "2668"]
[BlackElo "2276"]
[Annotator "RC"]
[PlyCount "64"]
[EventDate "2021.12.17"]
[EventType "swiss"]
[EventCountry "POL"]
[SourceTitle "playchess.com"]
[Source "ChessBase"]
[SourceQuality "1"]

1. d4 Nf6 2. Nf3 g6 3. Nbd2 d5 4. e3 Bg7 5. b4 O-O 6. Be2 Bf5 7. O-O c6 8. c4
a5 9. b5 dxc4 10. Bxc4 cxb5 11. Bxb5 Nc6 12. Qe2 Ne4 13. Nxe4 Bxe4 14. Ba3 Nb4
15. Rac1 Qb6 16. Bc4 e6 17. Nd2 Bd5 18. Bxd5 exd5 19. Nb1 Rfc8 20. Nc3 Qc6 21.
Bb2 Qc4 22. Qd2 Nxa2 23. Nxa2 Qxa2 24. g3 a4 25. Ra1 Qb3 26. Ra3 Qc2 27. Rd1
Bf8 28. Ra2 Qxd2 29. Rxd2 b5 30. Kf1 b4 31. Ke2 a3 32. f3 b3 0-1

[Event "European Blitz Championship 2021"]
[Site "Katowice"]
[Date "2021.12.17"]
[Round "12"]
[White "Demchenko, Anton"]
[Black "Duda, Jan-Krzysztof"]
[Result "0-1"]
[WhiteElo "2655"]
[BlackElo "2756"]
[Annotator "TA"]
[PlyCount "63"]
[EventDate "2021.12.17"]
[EventType "swiss"]
[EventCountry "POL"]
[SourceTitle "playchess.com"]
[Source "ChessBase"]
[SourceQuality "1"]

1. e4 c5 2. Nf3 Nf6 3. e5 Nd5 4. Nc3 Nxc3 5. dxc3 Nc6 6. Bf4 e6 7. Bd3 h6 8. h4
Qb6 9. Rb1 Qc7 10. Bg3 b6 11. Qe2 Bb7 12. Nd2 d5 13. Ba6 Bxa6 14. Qxa6 Nxe5 15.
Qb5+ Qc6 16. Qe2 Nd7 17. c4 dxc4 18. O-O c3 19. bxc3 Be7 20. Rfd1 O-O 21. Qa6
Nf6 22. Nf3 Nd5 23. Ne5 Qc8 24. Qd3 Bf6 25. Qf3 Bxe5 26. Bxe5 c4 27. Rd4 f6 28.
Bg3 Qc6 29. Re1 Rad8 30. Qg4 e5 31. Rxc4 Qd7 32. Qe4 0-1

[Event "European Blitz Championship 2021"]
[Site "Katowice"]
[Date "2021.12.17"]
[Round "12"]
[White "Durarbayli, Vasif"]
[Black "Tazbir, Marcin"]
[Result "1/2-1/2"]
[WhiteElo "2629"]
[BlackElo "2508"]
[Annotator "RC"]
[PlyCount "133"]
[EventDate "2021.12.17"]
[EventType "swiss"]
[EventCountry "POL"]
[SourceTitle "playchess.com"]
[Source "ChessBase"]
[SourceQuality "1"]

1. e4 c5 2. b3 Nc6 3. Bb2 d6 4. Bb5 Bd7 5. f4 a6 6. Bxc6 Bxc6 7. Qe2 Nf6 8. Nc3
e6 9. Nf3 b5 10. e5 dxe5 11. Nxe5 Qc7 12. Nxc6 Qxc6 13. O-O-O Be7 14. g4 b4 15.
Na4 Qe4 16. Qxe4 Nxe4 17. Rde1 Nf6 18. f5 O-O 19. g5 Nd5 20. fxe6 fxe6 21. Rxe6
Rf2 22. h4 Bf8 23. Nb6 Nxb6 24. Rxb6 Rd8 25. Rd1 Rh2 26. Rxa6 Rxh4 27. g6 h5
28. a4 bxa3 29. Bxa3 Rg4 30. Rc6 Ra8 31. Kb2 Be7 32. Bxc5 Bf6+ 33. d4 Rxg6 34.
Rb6 Rg2 35. b4 h4 36. Rh1 Re8 37. Rxf6 gxf6 38. Rxh4 Ree2 39. Kb3 Rxc2 40. b5
Rb2+ 41. Ka4 Rb1 42. Ka5 Rgb2 43. Kb6 Rxb5+ 44. Kc6 Kf7 45. Rh7+ Kg6 46. Rh8
R5b3 47. Rg8+ Kf5 48. Rf8 Rc1 49. Kd5 Re3 50. Bb6 Rb1 51. Bc5 Rb7 52. Kc6 Rb1
53. Kd5 Kg6 54. Rg8+ Kf7 55. Rf8+ Kg7 56. Ra8 Rc1 57. Bf8+ Kg6 58. Bd6 f5 59.
Be5 Rb1 60. Rg8+ Kh5 61. Ke6 f4 62. Kf5 Rxe5+ 63. dxe5 Kh6 64. e6 f3 65. Rh8+
Kg7 66. Rh2 Rb5+ 67. Kf4 1/2-1/2

[Event "European Blitz Championship 2021"]
[Site "Katowice"]
[Date "2021.12.17"]
[Round "12"]
[White "Bernadskiy, Vitaliy"]
[Black "Balacek, Tadeas"]
[Result "1-0"]
[WhiteElo "2592"]
[BlackElo "2312"]
[Annotator "ChessBase"]
[PlyCount "119"]
[EventDate "2021.12.17"]
[EventType "swiss"]
[EventCountry "POL"]
[SourceTitle "playchess.com"]
[Source "ChessBase"]
[SourceQuality "1"]

1. c4 e5 2. a3 Nf6 3. d3 d5 4. cxd5 Nxd5 5. Nf3 Nc6 6. e4 Nde7 7. b4 g6 8. Bb2
Bg7 9. Nbd2 Nd4 10. Be2 O-O 11. O-O Nxe2+ 12. Qxe2 Nc6 13. Rac1 Qe7 14. Qe3 Rd8
15. Nb3 Bg4 16. b5 Nd4 17. Nfxd4 exd4 18. Qg3 Be6 19. Rxc7 Rd7 20. Rxd7 Qxd7
21. Nc5 Qxb5 22. Nxe6 Qxb2 23. Nxg7 Kxg7 24. Qe5+ Kg8 25. h4 Rc8 26. h5 Rc1 27.
Rxc1 Qxc1+ 28. Kh2 gxh5 29. a4 h4 30. Qxd4 Qf4+ 31. Kh3 h5 32. Qd8+ Kg7 33.
Qxh4 Qxh4+ 34. Kxh4 Kf6 35. d4 a5 36. Kg3 b5 37. axb5 Ke7 38. b6 Kd7 39. d5 a4
40. e5 a3 41. e6+ fxe6 42. dxe6+ Kxe6 43. b7 a2 44. b8=Q a1=Q 45. Qe8+ Kd6 46.
Qxh5 Qc3+ 47. Qf3 Qg7+ 48. Qg4 Qc3+ 49. Kh2 Qh8+ 50. Qh3 Qa1 51. Qd3+ Ke7 52.
Qe3+ Kf7 53. g4 Kg8 54. g5 Qf1 55. f4 Qb1 56. Kg3 Qa2 57. f5 Qa4 58. g6 Kg7 59.
Qe7+ Kh6 60. Qh4+ 1-0

[Event "European Blitz Championship 2021"]
[Site "Katowice"]
[Date "2021.12.17"]
[Round "12"]
[White "Andersen, Mads"]
[Black "Krzywda, Andrzej"]
[Result "0-1"]
[WhiteElo "2575"]
[BlackElo "2100"]
[Annotator "ChessBase"]
[PlyCount "80"]
[EventDate "2021.12.17"]
[EventType "swiss"]
[EventCountry "POL"]
[SourceTitle "playchess.com"]
[Source "ChessBase"]
[SourceQuality "1"]

1. d4 Nf6 2. c4 c5 3. d5 b5 4. cxb5 a6 5. bxa6 g6 6. Nc3 Bg7 7. e4 O-O 8. Bc4
d6 9. Nf3 Bxa6 10. Bxa6 Nxa6 11. O-O Qb6 12. Rb1 Nd7 13. Bg5 Rfe8 14. Qe2 h6
15. Bd2 Reb8 16. Rfc1 Nc7 17. b3 Qa6 18. a4 Qxe2 19. Nxe2 Na6 20. Bc3 Nf6 21.
Nd2 Nb4 22. f3 Nd3 23. Rc2 Nd7 24. Bxg7 Kxg7 25. Nc4 Rxa4 26. Nc3 Rab4 27. Na5
N7e5 28. f4 Nxf4 29. Rd2 c4 30. Rd4 cxb3 31. Rxb4 Rxb4 32. Kf2 Nfd3+ 33. Ke3
Nc5 34. h3 Rb6 35. Kd4 b2 36. Na2 Nb3+ 37. Nxb3 Rxb3 38. Nc3 Rb4+ 39. Ke3 Nc4+
40. Kd3 Na3 0-1

[Event "European Blitz Championship 2021"]
[Site "Katowice"]
[Date "2021.12.17"]
[Round "12"]
[White "Laurusas, Tomas"]
[Black "Ortega Ruiz, Jose Miguel"]
[Result "0-1"]
[WhiteElo "2553"]
[BlackElo "2317"]
[Annotator "RC"]
[PlyCount "138"]
[EventDate "2021.12.17"]
[EventType "swiss"]
[EventCountry "POL"]
[SourceTitle "playchess.com"]
[Source "ChessBase"]
[SourceQuality "1"]

1. c4 e5 2. Nc3 Nf6 3. Nf3 Nc6 4. e3 Be7 5. a3 O-O 6. b4 d6 7. Bb2 Re8 8. d3
Bf8 9. Be2 a5 10. b5 Ne7 11. O-O Ng6 12. Qc2 c6 13. d4 e4 14. Nd2 Bf5 15. bxc6
bxc6 16. d5 cxd5 17. Nxd5 Nxd5 18. cxd5 Rc8 19. Nc4 Qg5 20. Kh1 h5 21. Qd1 h4
22. h3 Rc5 23. Bd4 Rxd5 24. Nb6 Rde5 25. Bxe5 Nxe5 26. Nc4 Nd3 27. Nxa5 d5 28.
Nc6 Bd6 29. Bxd3 exd3 30. f4 Qg3 31. Qf3 Rxe3 32. Qxg3 hxg3 33. Nd4 Be4 34. a4
Bc5 35. Nb3 Ba7 36. Nd2 Re2 37. Nf3 d2 38. Rad1 Be3 39. Nh4 Bc2 40. Ra1 Ba7 41.
a5 d4 42. a6 d3 43. Nf3 f6 44. h4 Kf7 45. h5 Kg8 46. Nh4 Re1 47. Rfxe1 dxe1=Q+
48. Rxe1 d2 49. Re8+ Kf7 50. Rd8 d1=Q+ 51. Rxd1 Bxd1 52. Nf5 Bxh5 53. Nxg3 Bg6
54. Kh2 Bd3 55. Kh3 Bxa6 56. Ne4 Ke6 57. g3 Bb7 58. Nd2 Kf5 59. Nc4 Bd4 60.
Nd6+ Ke6 61. Nxb7 Bb6 62. Kg4 g6 63. f5+ gxf5+ 64. Kf4 Bc7+ 65. Kf3 Kd5 66. Ke3
Kc6 67. Na5+ Bxa5 68. Kf4 Bd2+ 69. Kxf5 Bg5 0-1

[Event "European Blitz Championship 2021"]
[Site "Katowice"]
[Date "2021.12.17"]
[Round "12"]
[White "Pultinevicius, Paulius"]
[Black "Karpus, Michal"]
[Result "*"]
[WhiteElo "2546"]
[BlackElo "2129"]
[Annotator "ChessBase"]
[PlyCount "169"]
[EventDate "2021.12.17"]
[EventType "swiss"]
[EventCountry "POL"]
[SourceTitle "playchess.com"]
[Source "ChessBase"]
[SourceQuality "1"]

1. d4 Nf6 2. c4 e6 3. Nf3 d5 4. Nc3 Nbd7 5. Bg5 c6 6. e3 h6 7. Bh4 g5 8. Bg3
Nh5 9. Bd3 Nxg3 10. hxg3 Bg7 11. Qc2 Qe7 12. O-O-O dxc4 13. Bxc4 b5 14. Bd3 a6
15. Kb1 c5 16. Be4 Rb8 17. d5 b4 18. Na4 O-O 19. dxe6 Qxe6 20. Nxg5 b3 21. axb3
Qxb3 22. Bh7+ Kh8 23. Qxb3 Rxb3 24. Bc2 Rb4 25. f4 Kg8 26. Ne4 Bb7 27. Nd6 Bc6
28. Kc1 Bxa4 29. Bxa4 Rxa4 30. Nf5 Ra1+ 31. Kc2 Rxd1 32. Rxd1 Nf6 33. Rd6 Ne4
34. Rxa6 Rb8 35. b3 h5 36. Kd3 Nf2+ 37. Kc4 Bf8 38. Ra4 Ne4 39. Kd3 Nf6 40. Kc2
Nd5 41. Rc4 Re8 42. Kd2 Nb4 43. e4 Rd8+ 44. Ke2 Ra8 45. e5 Ra2+ 46. Kf3 Rb2 47.
Rc3 Nd5 48. Rd3 Ne7 49. Nd6 Nc6 50. Ke4 Nd4 51. Nc4 Rxb3 52. Rxb3 Nxb3 53. f5
Nd4 54. Ne3 Nc6 55. Kd5 Nb4+ 56. Ke4 Be7 57. f6 Bf8 58. Kf5 Kh7 59. Nc4 Nc2 60.
Kg5 Nd4 61. Kxh5 Bh6 62. g4 Bf4 63. g5 Ne6 64. Kg4 Bxg5 65. Kf5 Bc1 66. Nd6 Kg8
67. Ke4 Bb2 68. Nc4 Bc3 69. g4 Nd8 70. Kf5 Nc6 71. g5 Nd4+ 72. Ke4 Kh7 73. Ne3
Kg6 74. Nd5 Ne6 75. Nxc3 Nxg5+ 76. Kf4 Ne6+ 77. Ke4 Ng5+ 78. Kd5 Kf5 79. Nb5
Nh7 80. Nd6+ Kg6 81. Ne4 Kf5 82. Ng3+ Kg6 83. Ne4 Kf5 84. Nd6+ Kg6 85. Ne4 *

[Event "European Blitz Championship 2021"]
[Site "Katowice"]
[Date "2021.12.17"]
[Round "12"]
[White "Teclaf, Pawel"]
[Black "Kalogeris, Ioannis"]
[Result "*"]
[WhiteElo "2543"]
[BlackElo "2287"]
[Annotator "ChessBase"]
[PlyCount "97"]
[EventDate "2021.12.17"]
[EventType "swiss"]
[EventCountry "POL"]
[SourceTitle "playchess.com"]
[Source "ChessBase"]
[SourceQuality "1"]

1. Nf3 Nf6 2. g3 d5 3. Bg2 c6 4. O-O Bg4 5. b3 Nbd7 6. Bb2 e6 7. d3 a5 8. c4
Bc5 9. Qc2 O-O 10. Nc3 Qe7 11. Rac1 Ba3 12. Rfd1 Rfc8 13. Qb1 Rab8 14. Rc2 e5
15. cxd5 cxd5 16. Rdc1 Rc6 17. Nb5 Bxb2 18. Qxb2 e4 19. dxe4 dxe4 20. Nfd4 Rxc2
21. Qxc2 g6 22. Qc7 Qe5 23. Qxa5 e3 24. f3 Be6 25. Qc7 Qh5 26. Nxe6 fxe6 27.
Nd6 b5 28. Ne4 Rf8 29. Qd6 Nxe4 30. Qxe6+ Kh8 31. Qxe4 Qg5 32. Qd4+ Nf6 33. Rc5
Qh6 34. f4 Qg7 35. Bf3 Qa7 36. a4 bxa4 37. bxa4 Qb6 38. Rc4 Qb1+ 39. Kg2 Qe1
40. Qxe3 Re8 41. Qf2 Qb1 42. Qd4 Re6 43. Rc6 Rxc6 44. Bxc6 Kg7 45. a5 Qa2 46.
Qa7+ Kh6 47. Bf3 Ne8 48. Qe7 Ng7 49. Qg5# *

[Event "European Blitz Championship 2021"]
[Site "Katowice"]
[Date "2021.12.17"]
[Round "12"]
[White "Gumularz, Szymon"]
[Black "Mazurkiewicz, Michal"]
[Result "*"]
[WhiteElo "2533"]
[BlackElo "2067"]
[Annotator "ChessBase"]
[PlyCount "101"]
[EventDate "2021.12.17"]
[EventType "swiss"]
[EventCountry "POL"]
[SourceTitle "playchess.com"]
[Source "ChessBase"]
[SourceQuality "1"]

1. e4 d6 2. d4 Nf6 3. Nc3 c6 4. Nf3 Bg4 5. h3 Bh5 6. Qe2 e6 7. g4 Bg6 8. h4 h5
9. g5 Nfd7 10. Bh3 Be7 11. d5 cxd5 12. exd5 e5 13. O-O O-O 14. Ne1 f5 15. f4 e4
16. Ng2 Be8 17. Ne3 g6 18. b3 Rf7 19. Bb2 Bf8 20. Nb5 Qb6 21. Kh1 Bg7 22. Bxg7
Rxg7 23. a4 a6 24. Nc4 Qc5 25. Nbxd6 Bf7 26. Nxf7 Rxf7 27. Rfd1 Qc7 28. Qe3 b6
29. Rd2 Ra7 30. d6 Qc5 31. Qxc5 bxc5 32. Ne5 Rg7 33. Nxg6 Rxg6 34. Bxf5 Rg7 35.
Bxe4 Nf8 36. f5 Nbd7 37. f6 Rf7 38. Bd5 Nb6 39. Bxf7+ Kxf7 40. Re1 Ng6 41. a5
Nd7 42. Rde2 Ra8 43. Re7+ Nxe7 44. Rxe7+ Kg6 45. Rxd7 Re8 46. Rg7+ Kf5 47. Re7
Rd8 48. d7 c4 49. bxc4 Kg4 50. Kg2 Rb8 51. Re8 *

[Event "European Blitz Championship 2021"]
[Site "Katowice"]
[Date "2021.12.17"]
[Round "12"]
[White "Sadzikowski, Daniel"]
[Black "Kulon, Klaudia"]
[Result "1-0"]
[WhiteElo "2525"]
[BlackElo "2265"]
[Annotator "ChessBase"]
[PlyCount "77"]
[EventDate "2021.12.17"]
[EventType "swiss"]
[EventCountry "POL"]
[SourceTitle "playchess.com"]
[Source "ChessBase"]
[SourceQuality "1"]

1. c4 Nf6 2. Nc3 g6 3. g3 Bg7 4. Bg2 O-O 5. d3 e5 6. Nf3 Re8 7. O-O c6 8. e4 d6
9. Rb1 a5 10. a3 c5 11. b4 axb4 12. axb4 Nc6 13. bxc5 dxc5 14. Nd5 Nxd5 15.
exd5 Nb4 16. Ne1 Bf5 17. Qb3 e4 18. dxe4 Bxe4 19. Bxe4 Rxe4 20. Bd2 Na6 21. Nf3
Rb8 22. Rfe1 Rxe1+ 23. Rxe1 Nc7 24. Bf4 h6 25. Qb6 Na6 26. Rb1 Rc8 27. Qxd8+
Rxd8 28. Rxb7 g5 29. Be3 g4 30. Nh4 Bf8 31. Nf5 h5 32. Bg5 Re8 33. d6 Nb8 34.
d7 Re1+ 35. Kg2 Nc6 36. d8=Q Nxd8 37. Bxd8 Rc1 38. Rb8 Kh7 39. Bg5 1-0

[Event "European Blitz Championship 2021"]
[Site "Katowice"]
[Date "2021.12.17"]
[Round "12"]
[White "Vetoshko, Volodymyr"]
[Black "Blohberger, Felix"]
[Result "0-1"]
[WhiteElo "2525"]
[BlackElo "2490"]
[Annotator "ChessBase"]
[PlyCount "84"]
[EventDate "2021.12.17"]
[EventType "swiss"]
[EventCountry "POL"]
[SourceTitle "playchess.com"]
[Source "ChessBase"]
[SourceQuality "1"]

1. e4 c5 2. Nf3 d6 3. d4 cxd4 4. Nxd4 Nf6 5. Nc3 a6 6. Be2 e6 7. Be3 Be7 8. f4
Qc7 9. g4 b5 10. g5 Nfd7 11. a3 Bb7 12. Qd2 Nc5 13. Bf3 Nbd7 14. O-O-O Nb6 15.
Ndxb5 axb5 16. Qe2 b4 17. Nb5 Qc6 18. Nd4 Qa4 19. Qb5+ Qxb5 20. Nxb5 bxa3 21.
Nc7+ Kd7 22. Nxa8 axb2+ 23. Kb1 Rxa8 24. Bxc5 Ra1+ 25. Kxb2 Rxd1 26. Rxd1 Na4+
27. Ka3 Nxc5 28. Rd4 Bxe4 29. Bxe4 Nxe4 30. Ra4 d5+ 31. Kb2 Bd6 32. Ra7+ Bc7
33. Kb3 Nf2 34. c4 dxc4+ 35. Kxc4 Nh3 36. f5 exf5 37. Ra8 Nxg5 38. Rg8 g6 39.
h4 Ne4 40. Rg7 Ke6 41. Rxh7 Be5 42. h5 Nf6 0-1

[Event "European Blitz Championship 2021"]
[Site "Katowice"]
[Date "2021.12.17"]
[Round "12"]
[White "Janik, Igor"]
[Black "Baum, Jonasz"]
[Result "1-0"]
[WhiteElo "2508"]
[BlackElo "2157"]
[Annotator "ChessBase"]
[PlyCount "47"]
[EventDate "2021.12.17"]
[EventType "swiss"]
[EventCountry "POL"]
[SourceTitle "playchess.com"]
[Source "ChessBase"]
[SourceQuality "1"]

1. e4 c5 2. Nf3 d6 3. Bb5+ Nc6 4. O-O Bd7 5. c3 a6 6. Ba4 Nf6 7. Re1 b5 8. Bc2
Bg4 9. d4 cxd4 10. cxd4 e5 11. d5 Nd4 12. Be3 Bxf3 13. gxf3 Be7 14. Bxd4 exd4
15. Qxd4 O-O 16. Nc3 Nh5 17. e5 dxe5 18. Qxe5 Bg5 19. h4 Bd2 20. Qxh5 g6 21.
Qg4 Bxe1 22. Rxe1 Qd6 23. Qd4 Rfe8 24. Ne4 1-0

[Event "European Blitz Championship 2021"]
[Site "Katowice"]
[Date "2021.12.17"]
[Round "12"]
[White "Klekowski, Maciej"]
[Black "Gdanski, Jacek"]
[Result "1-0"]
[WhiteElo "2499"]
[BlackElo "2367"]
[Annotator "ChessBase"]
[PlyCount "63"]
[EventDate "2021.12.17"]
[EventType "swiss"]
[EventCountry "POL"]
[SourceTitle "playchess.com"]
[Source "ChessBase"]
[SourceQuality "1"]

1. c4 e5 2. Nc3 Nc6 3. g3 Nf6 4. Bg2 Bb4 5. e4 Bc5 6. Nge2 d6 7. h3 a6 8. d3 h6
9. O-O Be6 10. a3 Ba7 11. b4 O-O 12. Kh2 Nd7 13. f4 exf4 14. Bxf4 f5 15. exf5
Bxf5 16. d4 Kh8 17. c5 Qf6 18. Nd5 Qd8 19. cxd6 cxd6 20. Bxd6 Rf7 21. Bc7 Qf8
22. Qd2 Nf6 23. Nxf6 Rxf6 24. d5 Ne7 25. Be5 Rf7 26. Qxh6+ Kg8 27. Qg5 Ng6 28.
Bb2 Re8 29. Nd4 Be4 30. Rxf7 Qxf7 31. Rf1 Qxd5 32. Qxd5+ 1-0

[Event "European Blitz Championship 2021"]
[Site "Katowice"]
[Date "2021.12.17"]
[Round "12"]
[White "Schneider, Ilja"]
[Black "Pakleza, Zbigniew"]
[Result "0-1"]
[WhiteElo "2486"]
[BlackElo "2496"]
[Annotator "ChessBase"]
[PlyCount "56"]
[EventDate "2021.12.17"]
[EventType "swiss"]
[EventCountry "POL"]
[SourceTitle "playchess.com"]
[Source "ChessBase"]
[SourceQuality "1"]

1. e4 d6 2. d4 Nf6 3. Nc3 c6 4. g3 b5 5. Bg2 e5 6. dxe5 dxe5 7. Qxd8+ Kxd8 8.
a4 b4 9. Nd1 Bc5 10. Be3 Nbd7 11. Ne2 Ba6 12. Nc1 Ng4 13. Bxc5 Nxc5 14. f3 Nf6
15. Ne3 Kc7 16. Bf1 Bxf1 17. Rxf1 Rhd8 18. Ke2 Nfd7 19. Rd1 f6 20. Nc4 Ne6 21.
Nb3 Ndc5 22. Nxc5 Nxc5 23. Rxd8 Rxd8 24. b3 Ne6 25. Ne3 Nd4+ 26. Kf2 Nxc2 27.
Rd1 Rxd1 28. Nxd1 Nd4 0-1

[Event "European Blitz Championship 2021"]
[Site "Katowice"]
[Date "2021.12.17"]
[Round "12"]
[White "Mirzoev, Emil"]
[Black "Golubovskis, Maksims"]
[Result "1-0"]
[WhiteElo "2474"]
[BlackElo "2088"]
[Annotator "ChessBase"]
[PlyCount "68"]
[EventDate "2021.12.17"]
[EventType "swiss"]
[EventCountry "POL"]
[SourceTitle "playchess.com"]
[Source "ChessBase"]
[SourceQuality "1"]

1. Nf3 Nf6 2. g3 c5 3. Bg2 g6 4. O-O Bg7 5. d3 O-O 6. e4 Nc6 7. Re1 d6 8. h3
Rb8 9. c3 e5 10. Na3 Re8 11. Nc2 b5 12. Bg5 h6 13. Bxf6 Bxf6 14. Ne3 Be6 15. a4
bxa4 16. Qxa4 Qb6 17. Reb1 Bg7 18. Nd2 Re7 19. Ndc4 Qc7 20. Qc2 f5 21. exf5
gxf5 22. Ra6 Nd8 23. Nxd6 f4 24. Nd5 Bxd5 25. Bxd5+ Kh8 26. Bg2 fxg3 27. fxg3
Rb6 28. Rxb6 axb6 29. Ne4 Qd7 30. Ra1 Nf7 31. Qf2 Nd8 32. Ra8 Kh7 33. Nf6+ Bxf6
34. Qxf6 Rf7 1-0

[Event "European Blitz Championship 2021"]
[Site "Katowice"]
[Date "2021.12.17"]
[Round "12"]
[White "Papasimakopoulos, Alexandros"]
[Black "Ustianovich, Nazar"]
[Result "0-1"]
[WhiteElo "2394"]
[BlackElo "2278"]
[Annotator "NA"]
[PlyCount "96"]
[EventDate "2021.12.17"]
[EventType "swiss"]
[EventCountry "POL"]
[SourceTitle "playchess.com"]
[Source "ChessBase"]
[SourceQuality "1"]

1. d4 d5 2. c4 c6 3. cxd5 cxd5 4. Bf4 Nc6 5. e3 Nf6 6. Nc3 a6 7. Bd3 Bg4 8.
Nge2 Bxe2 9. Qxe2 e6 10. O-O Bd6 11. Bg5 h6 12. Bh4 O-O 13. Rac1 Be7 14. Na4
Nd7 15. Bg3 Rc8 16. Nc5 Nxc5 17. dxc5 Bh4 18. a3 Bxg3 19. hxg3 Ne5 20. Bb1 b6
21. c6 b5 22. a4 Qb6 23. axb5 axb5 24. Qc2 f5 25. c7 Rf7 26. Qc5 Qxc5 27. Rxc5
Rfxc7 28. Rxb5 Rc1 29. Ba2 Rxf1+ 30. Kxf1 Rc1+ 31. Ke2 Rc2+ 32. Kf1 Ng4 33.
Rb8+ Kf7 34. Rb7+ Kf6 35. Ke1 Rxf2 36. Rb6 Ke5 37. Bb1 Rxg2 38. Bd3 Rxg3 39. b4
Rxe3+ 40. Kd2 f4 41. Rb7 g5 42. b5 Nf2 43. Bc2 Ne4+ 44. Kd1 Nd6 45. Rb8 f3 46.
b6 f2 47. Rf8 Re1+ 48. Kd2 f1=Q 0-1